000 00411 a2200169 4500
001 188167
020 _a978-85-04-01133-3
040 _cMagnum
100 _aBarreto, Lima
240 1 0 _aTriste fim de Policarpo Quaresma
_lpor
245 1 0 _aTriste fim de Policarpo Quaresma
300 _a72
362 0 _a2008
440 1 _aCompanhia Editora Nacional
697 _aLITERATURA INFANTO-JUVENIL
942 _cBK
999 _c188167
_d188167